000 00528nam a2200181 i 4500
001 28055
003 ES-MaACL
005 20251118153122.0
007 t|
008 030116s1967 sp ||||1| spa d
100 1 _aBanfi, Antonio.
_925192
245 1 0 _aVida de Galileo Galilei /
_cAntonio Banfi ; [traductor: Alberto Méndez].
260 _aMadrid :
_bAlianza,
_c[1967]
300 _a299 p. ;
_c18 cm.
700 1 _aMéndez, Alberto,
_d1941-2004
_9138659
852 _aES-MaACL
_jC-33680
_bR.64227
999 _c28055
_d28055